[Event "Porto Mannu op"]
[Site "Porto Mannu"]
[Date "2007.05.23"]
[Round "5"]
[White "Cossu, Andrea"]
[Black "Dehmel, Jens"]
[Result "0-1"]
[WhiteElo "1564"]
[BlackElo "2107"]
[PlyCount "140"]
[EventDate "2007.05.19"]
[EventType "swiss"]
[EventRounds "9"]
[EventCountry "ITA"]
[SourceTitle "CBM 118 Extra"]
[Source "ChessBase"]
[SourceDate "2007.07.04"]
[SourceVersion "1"]
[SourceVersionDate "2007.07.04"]
[SourceQuality "1"]

1. e4 e5 2. Nf3 Nc6 3. Bc4 Bc5 4. 0-0 Nf6 5. d3 d6 6. h3 Be6 7. Nbd2 Qd7 8. Ng5 Bxc4 9. Nxc4 h6 10. Nf3 0-0 11. Be3 Bxe3 12. Nxe3 d5 13. exd5 Nxd5 14. Qe2 Rfe8 15. Nxd5 Qxd5 16. Qe4 Rad8 17. Qxd5 Rxd5 18. a3 Red8 19. Rfe1 f6 20. g3 Kf7 21. Kg2 Ne7 22. Re2 c5 23. Kf1 Nc6 24. Ke1 a6 25. Rd2 f5 26. Rad1 Kf6 27. c3 g5 28. Ke2 h5 29. b4 b5 30. Ne1 a5 31. Nc2 cxb4 32. axb4 axb4 33. cxb4 Nd4+ 34. Nxd4 Rxd4 35. Rb1 e4 36. Rb3 Ke5 37. f3 Rxd3 38. Rdxd3 exd3+ 39. Rxd3 Rd4 40. Rb3 f4 41. gxf4+ Kxf4 42. Rb1 Rc4 43. Rb3 Rc2+ 44. Kf1 Kg3 45. Rd3 Rf2+ 46. Kg1 Rxf3 47. Rd5 Kxh3 48. Rxb5 Kg4 49. Rc5 Rf4 50. b5 Rb4 51. Kh2 h4 52. Rd5 Kf4 53. Kh3 Rb3+ 54. Kh2 Rb2+ 55. Kg1 Kg4 56. Rd4+ Kh5 57. Rd5 h3 58. Rc5 Kh4 59. Rf5 g4 60. Rf4 Kg3 61. Rf1 Rxb5 62. Ra1 Rb3 63. Kh1 Kf3 64. Rf1+ Ke2 65. Ra1 g3 66. Kg1 Rd3 67. Ra2+ Rd2 68. Rxd2+ Kxd2 69. Kh1 Ke2 70. Kg1 g2 0-1